Loading...

Research methods for political science Quantitative and qualitative methods /

Bibliographic Details
Main Author: Mcnabb, David E.
Language:Undetermined
Published: New Delhi : Prentice Hall of India , 2005.
Subjects:
LEADER 00639nam a2200181Ia 4500
001 142523
008 170722s9999 xx 000 0 und d
020 |a 8120326938 
100 |a Mcnabb, David E. 
245 |a Research methods for political science  |b Quantitative and qualitative methods / 
260 |a New Delhi :  |b Prentice Hall of India ,  |c 2005. 
300 |a xxxvi+571 
653 |a Political Science 
653 |a Research 
923 |d 20050624  |n WCD049/05 
942 |c GEN 
999 |c 131258  |d 131258 
952 |0 0  |1 0  |4 0  |6 W_F_P4  |7 0  |9 185522  |a LIB  |b LIB  |d 2013-03-25  |e Modern Book Centre  |l 8  |o W:f P4  |p 258614  |r 2019-10-24  |s 2019-10-10  |v 325.00  |w 2017-08-12  |y GEN